|
|
|
|
| LEADER |
00000nam a2200000 a 4500 |
| 001 |
vtls010464826 |
| 003 |
SK-MaSNL |
| 005 |
20260425230102.0 |
| 008 |
150707s2012 xo hoa 001 0 slo |
| 015 |
|
|
|a SNBA2013
|
| 020 |
|
|
|a 9788055603308 (viaz)
|
| 040 |
|
|
|a SNK
|b slo
|c SNK
|e AACR2
|
| 041 |
0 |
|
|a slo
|
| 043 |
|
|
|a e-xo---
|
| 044 |
|
|
|a xo
|c SK
|
| 072 |
|
7 |
|a 94(437)
|x Dejiny Česka a Slovenska
|2 konspekt
|
| 080 |
|
|
|a 94(437.6-25)
|2 2001
|
| 080 |
|
|
|a (048.8)
|2 2001
|
| 080 |
|
|
|a 903
|2 2001
|
| 080 |
|
|
|a 94(3)
|2 2001
|
| 080 |
|
|
|a 94"04/14"
|2 2001
|
| 245 |
0 |
0 |
|a Dejiny Bratislavy
|n 1
|p Brezalauspurc
|b na križovatke kultúr : [od počiatkov do prelomu 12. a 13. storočia]
|c zostavili Juraj Šedivý a Tatiana Štefanovičová ; [z maďarčiny preložila Beáta Pinterová ; z nemčiny preložil Juraj Šedivý ; fotografie Peter Horanský ; ilustrácie Zdenka Šedivá, Vlasta Vančová ; mapy Daniel Gurňák ; autori textov Juraj Bartík ... [et al.]]
|
| 246 |
3 |
0 |
|a Brezalauspurc
|b na križovatke kultúr
|
| 246 |
3 |
4 |
|a Dejiny Bratislavy
|b od počiatkov do prelomu 12. a 13. storočia
|
| 260 |
|
|
|a Bratislava
|b Slovart
|c 2012
|
| 300 |
|
|
|a 607 s.
|b fotogr., ilustr., mapy, faksim.
|c 30 cm
|e 1 CD-ROM
|
| 504 |
|
|
|a Bibliogr. s. 534-571. Registre. Zoznamy. Rozlož. tit. strana
|
| 648 |
|
7 |
|a do 13.stor.
|2 SNKPH
|9 416047
|
| 650 |
0 |
7 |
|a pravek
|2 SNKPH
|9 4261
|
| 650 |
0 |
7 |
|a Prehistory
|2 SNKPHeng
|9 286879
|
| 650 |
0 |
7 |
|a starovek
|2 SNKPH
|9 4258
|
| 650 |
0 |
7 |
|a Antiquity
|2 SNKPHeng
|9 265358
|
| 650 |
0 |
7 |
|a stredovek
|2 SNKPH
|9 4259
|
| 650 |
0 |
7 |
|a Middle Ages
|2 SNKPHeng
|9 263011
|
| 651 |
|
7 |
|a Bratislava (Slovensko)
|2 SNKPH
|9 14568
|
| 651 |
|
7 |
|a Bratislava (Slovakia)
|2 SNKPHeng
|9 171234
|
| 655 |
|
7 |
|a monografie
|2 SNKPH
|9 70139
|
| 655 |
|
7 |
|a Monographs
|2 SNKPHeng
|9 120675
|
| 700 |
1 |
|
|a Šedivý, Juraj,
|d 1971-
|4 com
|4 trl
|9 207989
|
| 700 |
1 |
|
|a Štefanovičová, Tatiana,
|d 1934-2021
|4 com
|9 102499
|
| 700 |
1 |
|
|a Pintérová, Beáta,
|d 1979-
|4 trl
|9 259194
|
| 700 |
1 |
|
|a Horanský, Peter
|4 pht
|9 359914
|
| 700 |
1 |
|
|a Šedivá, Zdenka
|4 ill
|9 416048
|
| 700 |
1 |
|
|a Vančová, Vlasta
|4 ill
|9 416049
|
| 700 |
1 |
|
|a Gurňák, Daniel,
|d 1974-
|4 ctg
|9 203303
|
| 700 |
1 |
|
|a Bartík, Juraj,
|d 1960-
|4 aut
|9 157852
|
| 711 |
2 |
|
|a Najkrajšie knihy Slovenska
|n (XXI. (49.) :
|d 2012
|c Bratislava, Slovensko).
|e Kategória: Vedecká a odborná literatúra
|9 416050
|
| 852 |
|
|
|a Štátna vedecká knižnica v Banskej Bystrici
|
| 856 |
4 |
1 |
|3 Sprievodné DVD online
|u http://www.historiaposoniensis.sk/sk/zakladne-informacie.html
|
| 919 |
|
|
|a 978-80-556-0330-8
|
| 958 |
|
|
|a OP
|
| 958 |
|
|
|a NB
|
| 999 |
|
|
|c 666255
|d 668185
|
| 952 |
|
|
|a SNK
|b SNK
|y PREZ
|7 0
|p 17A1059285
|o snkSB 84245/1
|i snk2012/26031
|8 0
|3 Dokument obsahuje 1 DVD
|0 0
|1 0
|4 0
|d 2012-12-18
|l 0
|r 2025-05-06 00:00:00
|w 2026-02-23
|
| 952 |
|
|
|a SNK
|b SNK
|y PREZ
|7 0
|p 17A1059609
|o snkSB 84245/1/príl.
|i snk2012/26031
|8 0
|z 1 DVD
|0 0
|1 0
|4 0
|d 2012-12-18
|l 0
|r 2025-05-06 00:00:00
|w 2026-02-23
|
| 952 |
|
|
|a SNK
|b SNK
|y VYP
|7 0
|p 17A1059607
|o snkSB 84245/1 D1
|i snk2012/26032
|8 0
|3 Dokument obsahuje príl. - 1 DVD
|0 0
|1 0
|4 0
|d 2012-12-18
|l 0
|r 2016-06-30 00:00:00
|w 2026-02-23
|
| 952 |
|
|
|a SNK
|b SNK
|y PREZ
|7 0
|p 17A1059608
|o snkSB 84245/1/príl. D1
|i snk2012/26032
|8 0
|z 1 DVD
|0 0
|1 0
|4 0
|d 2012-12-18
|l 0
|r 2016-06-30 00:00:00
|w 2026-02-23
|
| 952 |
|
|
|t snkDEJ/1 94(437.611)/príl.
|a SNKMST
|b SNKMST
|y PREZ
|7 0
|p 17A0809784
|o snkSB 84245/1/príl. D2
|i snk2013/6527
|8 3
|0 0
|1 0
|4 0
|d 2013-03-19
|l 0
|r 2025-08-13 00:00:00
|w 2026-02-23
|
| 952 |
|
|
|t snkDEJ/1 94(437.611)
|a SNKUST
|b SNKUST
|y PREZ
|7 0
|p 17A0809787
|o snkSB 84245/1 D2
|i snk2013/6527
|8 3
|g 44.91
|0 0
|1 0
|4 0
|d 2013-03-19
|l 0
|r 2025-04-28 00:00:00
|w 2026-02-23
|